|
|
|
|
| LEADER |
00000nam0a2200000 4500 |
| 001 |
72681 |
| 005 |
20231031083745.0 |
| 010 |
|
|
|a 5927600522
|
| 035 |
|
|
|a (RuTPU)RU\TPU\book\77508
|
| 090 |
|
|
|a 72681
|
| 100 |
|
|
|a 20050128d2004 k y0rusy50 ca
|
| 101 |
0 |
|
|a rus
|
| 102 |
|
|
|a RU
|
| 105 |
|
|
|a a z 001zy
|
| 200 |
1 |
|
|a Наномеханика квантовых точек и проволок
|f И. А. Овидько, А. Г. Шейнерман
|g Российская академия наук (РАН), Институт проблем машиноведения (ИПМАШ)
|
| 210 |
|
|
|a СПб.
|c Янус
|d 2004
|
| 215 |
|
|
|a 165 с.
|c ил.
|
| 320 |
|
|
|a Библиогр.: с. 145-164.
|
| 610 |
1 |
|
|a нанотехнологии
|
| 610 |
1 |
|
|a наномеханика
|
| 610 |
1 |
|
|a наноструктурные материалы
|
| 610 |
1 |
|
|a квантовые точки
|
| 610 |
1 |
|
|a нанопроволоки
|
| 610 |
1 |
|
|a наноскопические включения
|
| 610 |
1 |
|
|a полупроводниковые материалы
|
| 610 |
1 |
|
|a оптоэлектронные свойства
|
| 610 |
1 |
|
|a упругие напряжения
|
| 610 |
1 |
|
|a тонкие пленки
|
| 610 |
1 |
|
|a упругие поля
|
| 610 |
1 |
|
|a дефекты
|
| 675 |
|
|
|a 539.2:530.145
|v 3
|
| 700 |
|
1 |
|a Овидько
|b И. А.
|g Илья Анатольевич
|
| 701 |
|
1 |
|a Шейнерман
|b А. Г.
|
| 712 |
0 |
2 |
|a Российская академия наук (РАН)
|b Институт проблем машиноведения (ИПМАШ)
|c (Санкт-Петербург)
|2 stltpush
|3 (RuTPU)RU\TPU\col\565
|
| 801 |
|
1 |
|a RU
|b 63413507
|c 20050128
|g PSBO
|
| 801 |
|
2 |
|a RU
|b 63413507
|c 20090123
|g PSBO
|
| 942 |
|
|
|c BK
|